| 000 | 00785ntm a22002297a 4500 | ||
|---|---|---|---|
| 005 | 20170813141627.0 | ||
| 008 | 170802s20?? xx a frb 000 0 eng d | ||
| 040 |
_aEG-ScBUE _beng _cEG-ScBUE |
||
| 082 | 0 | 4 |
_222 _bSAD _a624 |
| 100 | 1 | _aSadek , Fekry Amr Mohamed Fekry. | |
| 245 | 1 | 0 |
_aGeopolymer concrete / _bFekry Amr Mohamed Fekry Sadek. |
| 260 | _c200? | ||
| 300 |
_a39 p. : _bill. (col.) ; _c28 cm. |
||
| 500 | _aA dissertation submitted to the faculty of engineering.the britsh university in egypt in partial fulfillment of the requiement for the bachelor degree in civil engineering | ||
| 590 | _anagwa | ||
| 650 | 7 |
_2BUEsh _vProjects _aCivil engineering |
|
| 653 |
_bENGCIV _cAugust2015 |
||
| 655 | _vSPRO | ||
| 700 | 1 |
_ethe _tHelmy, Amr. |
|
| 777 | _ASPRO | ||
| 942 | _2ddc | ||
| 999 |
_c25134 _d25106 |
||